| 000 | 01122nam a22002897a 4500 | ||
|---|---|---|---|
| 003 | dpl | ||
| 005 | 20180719112751.0 | ||
| 008 | 180719b xxu||||| |||| 00| 0 eng d | ||
| 010 | _aB-066908 | ||
| 020 |
_c200.00 _a8188197076 |
||
| 035 | _aB-066908, B-066912 | ||
| 037 | _bCen Lib/Ret | ||
| 040 |
_aDPL _bHN _c0 |
||
| 082 |
_aउ _bयात्रीसे |
||
| 100 |
_aयात्री, से.रा. _978380 |
||
| 245 |
_aसमर्थ की सीमाएं / _cसे.रा.यात्री |
||
| 246 |
_aSamarth ki simayen _bby Se.Ra.Yatri |
||
| 260 |
_aदिल्ली _bकविता बुक सेण्टर _c2002 |
||
| 270 |
_aई-5/13, लाजपतराय चौक कृषण नगर _bदिल्ली _e110051 |
||
| 300 |
_a190पृष्ठ. _c21सेमी(सजिल्द) |
||
| 650 |
_aहिंदी साहित्य _978381 |
||
| 650 |
_aहिंदी उपन्यास _978382 |
||
| 650 |
_ahindi Literature _978383 |
||
| 650 |
_aHindi novel _978384 |
||
| 700 |
_a _978385 |
||
| 942 |
_2ddc _cHN _hउ _mयात्रीसे |
||
| 999 |
_c118112 _d118112 |
||